Africa by Five Letters Quiz Stats

 Plays Quiz Updated Jul 2, 2018

Score 0/46 Timer 05:00
22 Plays Today
% Correct
Egypt
87.4%
Morocco
84.5%
Libya
83.9%
Madagascar
82.1%
Somalia
80.8%
Tunisia
80.6%
Ethiopia
79.2%
Mozambique
77.9%
Kenya
77.4%
Algeria
76.7%
Lesotho
76.2%
Angola
74.4%
Djibouti
74.1%
South Africa
72.8%
Tanzania
72.6%
Central African Republic
72.5%
Eritrea
72.4%
Seychelles
72.1%
Botswana
72.1%
Namibia
71.6%
Nigeria
71%
Uganda
70.2%
Rwanda
69.8%
% Correct
Democratic Republic of the Congo
69.7%
Comoros
68.4%
Malawi
67.8%
Senegal
67.7%
Zimbabwe
67.4%
Burundi
67.1%
South Sudan
66.5%
Equatorial Guinea
64.9%
Cameroon
64.8%
Mauritania
64.2%
Burkina Faso
63.6%
Ghana
63.4%
Mauritius
62.7%
Benin
62.5%
Gabon
61.6%
The Gambia
60.9%
eSwatini
59.6%
São Tomé and Príncipe
59.1%
Liberia
57.7%
Côte d'Ivoire
49.6%
Sierra Leone
47.2%
Guinea-Bissau
43%
Cabo Verde
42.6%

You're not logged in!

Compare scores with friends on all Sporcle quizzes.
OR
Log In

You Might Also Like...

Show Comments

Extras

Top Quizzes Today


Score Distribution

Your Account Isn't Verified!

In order to create a playlist on Sporcle, you need to verify the email address you used during registration. Go to your Sporcle Settings to finish the process.

Report this User

Report this user for behavior that violates our Community Guidelines.

Details: